00478nam a2200157 a 4500001001000000003000900010005001700019007000300036008004100039040002500080111005600105245007100161260003700232300002000269700003100289000031747DO-SdBNP20240304171404.0ta110701s1912 dr 000 0 spa d aDO-SdBNPbspacBNPHU1 aCuarta Conferencia Internacionaln4:d1912cSevilla13aLa Cuarta Conferencia Internacional Américana /aAmérico Lugo. aSevilla :bImp. F. de P.,c1912. a45 p. ;c22 cm.12aLugo, Américod1870-1952